Multiple Choice City Quiz – Vatican City - Statistics

General Stats
  • This quiz has been taken 24,074 times
    24,059 since last reset
  • The average score is 7 of 10
Answer Stats
Question Answer % Correct
What city completely surrounds the Vatican? Rome
96%
Who painted the above? Michelangelo
87%
Which of these is the flag of Vatican?
84%
The world’s largest church is located in the Vatican. Who is it named for? St. Peter
80%
Who is responsible for defending the pope and the other inhabitants of the Vatican? The Swiss Guard
78%
What is unusual about ATM machines in the Vatican? They have Latin translation available
71%
On the ceiling of the Sistine Chapel, there is a famous painting with God reaching out to touch the finger of ... Adam
70%
About how many people live in Vatican as of 2024? 880
64%
What is the name of the governing body that oversees the Vatican as well as the Catholic Church as a whole? The Holy See
58%
What object would you find in the public square of the Vatican? An Egyptian obelisk
51%
No matching quizzes found
Score Distribution
Percent of People with Each Score
Percentile by Number Answered
Your Score History
You have not taken this quiz since the last reset